| 000 | 00525nam a22001577a 4500 | ||
|---|---|---|---|
| 003 | OSt | ||
| 005 | 20221013165307.0 | ||
| 008 | 221013b |||||||| |||| 00| 0 eng d | ||
| 040 | _cBiblioteca Lado V | ||
| 082 |
_a700.74 _bP697a |
||
| 100 | _aPlacebos & Surrogates | ||
| 245 | _aArt for a Better Life/ | ||
| 260 |
_aVenezia _bXLIX Biennale di Venezia 2001 _c2001 |
||
| 300 |
_a157p. & 87p. _bson dos libros dentro de una cajita celeste con flores amarillas _c20x26cm |
||
| 942 |
_2ddc _c1 _h700.74 _iP697a _n0 |
||
| 999 |
_c2304 _d2304 |
||